• 首页
  • 本馆介绍
  • 公告通知
  • 最新文献
  • 馆藏检索
  • 电子资源
  • 读者导购
  • 参考咨询
  • 我的图书馆
  • 登录
  • 详细信息显示
  • 放入我的书架
  • 预约/预借图书
  • 作者相关作品
  • 分类相关作品
  • 丛书相关作品
  • 出版社相关作品

书目信息

  • 表格格式
  • 工作单格式
  • 卡片格式
题名:
历代名家草字选
    
 
作者: 聂文豪 著
分册:  
出版信息: 南昌   江西人民出版社  1983
页数: 347页
开本: 25cm
丛书名:
单 册:
中图分类: J292.34 , J292.2
科图分类:
主题词: 草书-书法--中国 , 书法-草书--中国 , 书法--中国 , 篆刻--中国
电子资源:
ISBN:
000 00741nam0 2200289 45
001 0183004103
005 20040519144246.7
010    @dCNY3.10
091    @a8110.503
100    @a19950626d1983 em y0chiy0121 ea
101 0  @achi
102    @aCN@b430000
105    @ay z 000yy
106    @ar
200 10 @a历代名家草字选@Ali dai ming jia cao zi xuan@f聂文豪著
210    @a南昌@c江西人民出版社@d1983
215    @a347页@d25cm
606    @a草书-书法@y中国
606    @a书法-草书@y中国
606 0  @a书法@x中国
606 0  @a篆刻@x中国
690    @aJ292.34@v3
690    @aJ292.2
701  0 @a聂文豪@Anie wen hao@4著
801  0 @aCN@b上海图书馆@c20040519
801  2 @aCN@bNLC@c20040519
905    @f2@b167948-949@dJ292.2@e33
    
    历代名家草字选/聂文豪著.-南昌:江西人民出版社,1983
    347页;25cm
    
    
    ISBN :CNY3.10
    
●
相关链接 在E读中查询图书 在五车中查询图书 在当当中查询图书 在豆瓣中查询图书


正题名:历代名家草字选     索取号:J292.2/33         预约/预借

序号 登录号 条形码 馆藏地/架位号 状态 备注
1 0167948   001216918   第一借阅区/ [索取号:J292.2/33] 在馆    
2 0167949   001216927   第一借阅区/ [索取号:J292.2/33] 在馆    
唐山师范学院图书馆 欢迎您!
大连网信软件有限公司© 版权所有